Základy automatizovaného zpracování dat materiály ke cvičením pro fakultu národohospodářskou

Guardado en:
Detalles Bibliográficos
Autor Corporativo: Vysoká škola ekonomická v Praze. Fakulta řízení
Formato: Libro
Lenguaje:checo
Publicado: Praha Státní pedagogické nakladatelství 1982
Etiquetas: Agregar Etiqueta
Sin Etiquetas, Sea el primero en etiquetar este registro!

MARC

LEADER 00000nam a2200000 4500
001 c134291
005 20190425103825.5
041 0 |a cze 
044 |a CZ 
245 1 0 |a Základy automatizovaného zpracování dat  |b materiály ke cvičením pro fakultu národohospodářskou 
264 1 |a Praha  |b Státní pedagogické nakladatelství  |c 1982 
300 |a 144 s. 
710 2 |a Vysoká škola ekonomická v Praze. Fakulta řízení